| 000 | 01101nam a2200325Ia 4500 | ||
|---|---|---|---|
| 003 | OSt | ||
| 005 | 20220912144620.0 | ||
| 006 | a|||||r|||| 00| 0 | ||
| 007 | ta | ||
| 008 | 220909b |||||||| |||| 00| 0 eng d | ||
| 020 | _a9780857454683 (hbk) | ||
| 020 | _aSL01562972 | ||
| 024 | _a193020 | ||
| 037 | _b22661, 04/03/2015, Overseas Press (India) Pvt. Ltd. | ||
| 037 | _cTextual | ||
| 040 |
_aCSL _beng _cCSL |
||
| 041 | _aeng | ||
| 082 | _aY7:(JB), Q2 | ||
| 100 | _aBrightman Marc Ed.; Gortti Vanessa Elisa Ed.; Ulturgasheva Olga Ed. | ||
| 245 | 0 | _aAnimism in rainforest and tundra. | |
| 260 |
_aNew York _bBerghahn Books _c2012 |
||
| 300 | _axvi, 209p. ill. | ||
| 500 | _aIndex 203-209p. | ||
| 650 | _a Shamanism | ||
| 650 | _a Totemism debate | ||
| 650 | _aHuman plant relationship | ||
| 700 | _aBrightman Marc Ed.; Gortti Vanessa Elisa Ed.; Ulturgasheva Olga Ed. | ||
| 942 |
_hY7:(JB), Q2 _cTEXL _2CC |
||
| 999 |
_c13673 _d13673 |
||